000 01379cam a2200337Ia 4500
001 fruitsotherpoems00moet
003 CaSfIA
005 20210118084912.0
007 cr||||
008 931126s1992 rh 000 0 eng d
010 _a 93982137
040 _aBRL
_cBRL
_dDLC
_dBTCTA
_dDEBBG
_dCaSfIA
020 _a1779010338
020 _a9781779010339
035 _a(OCoLC)29391747
050 4 _aPR9390.9.M64
_bF78 1992x
084 _aHP 9999 M694
_2rvk
100 1 _aMoetsabi, Titus.
245 1 0 _aFruits and other poems /
_h[electronic resource]
_cby Titus Moetsabi.
260 _aHarare, Zimbabwe :
_bZimbabwe Pub. House,
_c1992.
300 _a86 p. ;
_c21 cm.
440 0 _aZPH writers series ;
_v42
856 4 1 _uhttp://www.archive.org/details/fruitsotherpoems00moet
_zFree eBook from the Internet Archive
856 4 2 _uhttp://www.openlibrary.org/books/OL1075771M
_zAdditional information and access via Open Library
029 1 _aNLGGC
_b111206480
029 1 _aHEBIS
_b028043758
029 1 _aDEBBG
_bBV013296713
942 _cEB
506 _fНеобхідна авторизація на https://archive.org/ (створення облікового запису безкоштовно)
506 _fНеобхідна авторизація на https://openlibrary.org/ (створення облікового запису безкоштовно)
999 _c499439
_d499439